|
|
|
|
| LEADER |
00000cam a2200000 a 4500 |
| 001 |
vtls010570722 |
| 003 |
SK-MaSNL |
| 005 |
20260301034506.0 |
| 008 |
240315s2013 xo e n 001 0dslo |
| 015 |
|
|
|a SNBA2014/02
|
| 020 |
|
|
|a 9788089603183
|q (viaz.)
|
| 040 |
|
|
|a SNK
|b slo
|c SNK
|e AACR2
|
| 041 |
0 |
|
|a slo
|
| 043 |
|
|
|a e-xo---
|
| 044 |
|
|
|a xo
|c SK
|
| 072 |
|
7 |
|a 347
|x Súkromné právo
|2 konspekt
|
| 080 |
|
|
|a 347.451
|2 2001
|
| 080 |
|
|
|a 34(091)
|2 2001
|
| 080 |
|
|
|a (437.6)
|2 2001
|
| 080 |
|
|
|a (048.8:082)
|2 2001
|
| 080 |
|
|
|a (0.072)
|2 2001
|
| 100 |
1 |
|
|a Dulaková, Denisa,
|d 1973-
|4 aut
|9 172070
|
| 245 |
1 |
0 |
|a Zmluvy o prevode vlastníctva
|b kúpna a zámenná zmluva, spotrebiteľská kúpna zmluva, darovacia zmluva : s komentárom
|c Denisa Dulaková Jakúbeková, Anton Dulak, Monika Jurčová
|
| 250 |
|
|
|a 2. vyd.
|
| 260 |
|
|
|a Bratislava
|b C. H. Beck
|c 2013
|
| 300 |
|
|
|a xix, 551 s.
|c 20 cm
|
| 490 |
1 |
|
|a Beckova edícia komentované zákony
|
| 500 |
|
|
|a Biogr. údaje
|
| 504 |
|
|
|a Bibliogr.: s. 534-541 ; bibliogr. odkazy ; pozn. ; reg. ; zoz. použitých skrat.
|
| 650 |
0 |
7 |
|a zmluvy o prevode vlastníctva
|2 SNKPH
|9 335487
|
| 650 |
0 |
7 |
|a právne dejiny
|2 SNKPH
|9 977
|
| 650 |
0 |
7 |
|a History of law
|2 SNKPHeng
|9 266462
|
| 650 |
0 |
7 |
|a Transfer of property contracts
|2 SNKPHeng
|9 335488
|
| 651 |
|
7 |
|a Slovensko
|2 SNKPH
|
| 651 |
|
7 |
|a Slovakia
|2 SNKPHeng
|9 92630
|
| 655 |
|
7 |
|a kolektívne monografie
|2 SNKPH
|9 249850
|
| 655 |
|
7 |
|a komentáre
|2 SNKPH
|9 70412
|
| 655 |
|
7 |
|a Coollective monographs
|2 SNKPHeng
|9 335489
|
| 655 |
|
7 |
|a Commentaries
|2 SNKPHeng
|9 275605
|
| 700 |
1 |
|
|a Dulak, Anton,
|d 1963-
|4 aut
|9 201896
|
| 700 |
1 |
|
|a Jurčová, Monika,
|d 1970-
|4 aut
|9 222400
|
| 830 |
|
0 |
|a Beckova edícia komentované zákony
|9 327219
|
| 852 |
|
|
|a Štátna vedecká knižnica v Banskej Bystrici
|
| 919 |
|
|
|a 978-80-89603-18-3
|
| 958 |
|
|
|a NB
|
| 999 |
|
|
|c 581921
|d 583851
|
| 952 |
|
|
|a SNK
|b SNK
|y PREZ
|7 0
|p 17A1104168
|o snkSD 82907
|i snk2014/3744
|8 0
|0 0
|1 0
|4 0
|d 2014-02-06
|l 0
|r 2025-12-04 00:00:00
|w 2026-02-23
|
| 952 |
|
|
|a SNK
|b SNK
|y VYP
|7 0
|p 17A1104167
|o snkSD 82907 D1
|i snk2014/3745
|8 0
|0 0
|1 0
|4 0
|d 2014-02-06
|l 0
|r 2017-06-30 00:00:00
|w 2026-02-23
|